Normal view
MARC view
Entry Topical Term
001 - CONTROL NUMBER
- control field: 5726
003 - CONTROL NUMBER IDENTIFIER
- control field: OSt
005 - DATE AND TIME OF LATEST TRANSACTION
- control field: 20150912143701.0
008 - FIXED-LENGTH DATA ELEMENTS
- fixed length control field: 150912|| aca||aabn | a|a d
040 ## - CATALOGING SOURCE
- Original cataloging agency: OSt
- Transcribing agency: OSt
150 ## - HEADING--TOPICAL TERM
- Topical term or geographic name entry element: Ecosystem conservation
670 ## - SOURCE DATA FOUND
- Source citation: Work cat.: (OSt): editor Sinclair, A.R.E 5724, Serengeti 11:, 1995
